Répliques de films - Statistiques

Statistiques générales
  • Ce quiz a été pris 171 fois
  • Le résultat moyen est 5 sur 15
Statistiques - réponses
Réplique Film % Correct
Ton frère veut appeler son fils comme le Führer et c’est moi qui suis agressif ! Le prénom
75%
On ne laisse pas bébé dans un coin Dirty dancing
63%
Que trépasse si je faiblis ! Les visiteurs
60%
J'ai dégusté son foie avec des fèves au beurre et un excellent Chianti. Le silence des agneaux
55%
Je crois pas qu’il veut que l’on scie nos chaînes, il veut que l’on scie notre pied ! Saw
46%
Quand deux tentes se touchent pas, ça fait une allée. Camping
45%
On va avoir besoin d’un plus gros bateau. Les dents de la mer
25%
Und? Muskatnuss! Muskatnuss, Herr Muller! Le grand restaurant
24%
Pauvre tigrounet à grande quenottes qui ve se retrouver tout seul comme un gros naze, pauvre tigrounet à grandes quenottes. L'âge de glace
20%
Oui mais, John, quand les pirates des Caraïbes se détraquaient, ils ne dévoraient pas les touristes . Jurassic Park
17%
Une crème fouettée n’est pas une crème fouettée tant qu’elle n’est pas fouettée avec un fouet, tout le monde sait ça. Charlie et la chocolaterie
16%
Vous faites peine à voir, on dirait un cheval qu’a raté une haie, on vous abattrait sur un champ de course. Le dîner de cons
12%
C'est le pouvoir du Christ qui te pousse à céder. L'exorciste
9%
Mieux vaut régner en enfer qu’être esclave au paradis. L'associé du diable
5%
Va chercher les cristaux de roche dans cette putain de poubelle ou je t'éclate la tête enfoiré ! Le jaguar
2%
Aucun quiz correspondant
Distribution des résultats
% des personnes avec chaque résultat
Percentile par nombre de réponses
Votre historique - résultats
Vous n’avez pas pris ce quiz